| 000 | 00584nam a2200181 a 4500 | ||
|---|---|---|---|
| 001 | 6873 | ||
| 003 | CO-ViMGA | ||
| 008 | 141112s2004 ck r 000 u spa d | ||
| 040 |
_aCO-ViMGA _bspa _cCO-ViMGA |
||
| 082 | 0 | 4 | _a760.2 D197 |
| 100 | 1 |
_aDayton, Linnea _95861 |
|
| 245 | 1 | 0 |
_aAldus page maker : _buna guía visual para Mac : _buna aproximación paso a paso a la maquetación con Software / _cDayton Linnea , Ashford Janet |
| 260 |
_aBarcelona : _bGustavo Gili, _c1995 |
||
| 300 | _a138 p : il | ||
| 650 | 1 | 4 |
_aAshford, Janet _95862 |
| 650 | 1 | 4 | _aDISEÑO GRAFICO |
| 942 |
_2ddc _cBK |
||
| 999 |
_c18841 _d18841 |
||